| 000 | 00494cam a2200193ua 4500 | ||
|---|---|---|---|
| 001 | 4237 | ||
| 005 | 20260515113815.0 | ||
| 008 | 111221n ii |||gr||||Z||||||asm | ||
| 040 | _cMAIN | ||
| 082 | _a891.4518 | ||
| 100 | _aBaruah, Birinvhi Kumar, | ||
| 245 | 1 | 1 |
_aProfessor baruar chithi _cby Birinchi Kumar Baruah |
| 250 | _a2nd. | ||
| 260 |
_aNalbari: _bJournal emporium,986. |
||
| 300 |
_a131p: _c23cm. |
||
| 653 | _aAssamese traveller | ||
| 653 | _aProfessor baruar chithi | ||
| 942 | _cBK | ||
| 999 |
_c4054 _d4054 |
||